Losowe kantony na mapie Szwajcarii - Statystyki

Ogólne statystyki
  • Ten quiz został rozwiązany 22 razy
  • Średni wynik to 6 z 10
Odpowiedzi na mapie
Odpowiedzi zakodowano w zielono-czerwonej skali na mapie do tego quizu, zgodnie z poniższymi procentami.
 
Statystyki odpowiedzi
Kanton % Poprawnych
Appenzell Innerrhoden
100%
Berno
100%
Gryzonia
100%
Turgowia
100%
Zurych
100%
Valais
86%
Jura
83%
Lucerna
80%
Schwyz
80%
Appenzell Ausserrhoden
67%
Argowia
67%
Bazylea-Okręg
67%
Genewa
67%
Glarus
67%
Obwalden
67%
Solura
67%
Tessyn
67%
Uri
67%
Vaud
63%
Szafuza
60%
Neuchâtel
50%
Nidwalden
50%
Sankt Gallen
50%
Zug
50%
Bazylea-Miasto
33%
Fryburg
33%
Nie znaleziono quizów pasujących do podanych kryteriów
Rozkład punktacji
Procent ludzi z każdym wynikiem
Percentyl według liczby udzielonych odpowiedzi
Twoja historia wyników
Nie rozwiązałeś tego quizu